Lecture notes on pharmacology, (Record no. 1484)

MARC details
000 -LEADER
fixed length control field 01100cam a2200361 4500
001 - CONTROL NUMBER
control field data
005 - DATE AND TIME OF LATEST TRANSACTION
control field 20260322212102.0
008 - FIXED-LENGTH DATA ELEMENTS--GENERAL INFORMATION
fixed length control field data
035 ## - SYSTEM CONTROL NUMBER
System control number 1258386
010 ## - LIBRARY OF CONGRESS CONTROL NUMBER
LC control number 73501744
015 ## - NATIONAL BIBLIOGRAPHY NUMBER
National bibliography number B71-11695
020 ## - INTERNATIONAL STANDARD BOOK NUMBER
International Standard Book Number 0632080906
020 ## - INTERNATIONAL STANDARD BOOK NUMBER
International Standard Book Number 9780632080908
035 ## - SYSTEM CONTROL NUMBER
-- (DLC) 73501744
040 ## - CATALOGING SOURCE
Original cataloging agency DLC
Transcribing agency DLC
Modifying agency DLC
050 10 - LIBRARY OF CONGRESS CALL NUMBER
Classification number RM300
Item number .B84 1971
060 ## - NATIONAL LIBRARY OF MEDICINE CALL NUMBER
Classification number QV 4 B963L 1971
082 00 - DEWEY DECIMAL CLASSIFICATION NUMBER
Classification number 615
100 1# - MAIN ENTRY--PERSONAL NAME
Personal name Burn, J. Harold
Fuller form of name (Joshua Harold),
Dates associated with a name 1892-1981.
245 10 - TITLE STATEMENT
Title Lecture notes on pharmacology,
Statement of responsibility, etc. by J. H. Burn.
250 ## - EDITION STATEMENT
Edition statement 10th ed.;
Remainder of edition statement with a section on tropical diseases by L. G. Goodwin.
260 ## - PUBLICATION, DISTRIBUTION, ETC.
Place of publication, distribution, etc. Oxford,
Name of publisher, distributor, etc. Blackwell Scientific,
Date of publication, distribution, etc. 1971.
300 ## - PHYSICAL DESCRIPTION
Extent vi, 158 p.;
Other physical details illus.
Dimensions 19 cm.
336 ## - CONTENT TYPE
Content type term text
Content type code txt
Source rdacontent
337 ## - MEDIA TYPE
Media type term unmediated
Media type code n
Source rdamedia
338 ## - CARRIER TYPE
Carrier type term volume
Carrier type code nc
Source rdacarrier
650 #0 - SUBJECT ADDED ENTRY--TOPICAL TERM
Topical term or geographic name entry element Pharmacology.
650 #2 - SUBJECT ADDED ENTRY--TOPICAL TERM
Topical term or geographic name entry element Pharmacology.
700 1# - ADDED ENTRY--PERSONAL NAME
Personal name Goodwin, L. G.
Fuller form of name (Leonard George)
906 ## - LOCAL DATA ELEMENT F, LDF (RLIN)
a 7
b cbc
c orignew
d 3
e ncip
f 19
g y-gencatlg
985 ## -
-- ea27 6-11-86
Holdings
Withdrawn status Lost status Damaged status Not for loan Home library Current library Shelving location Date acquired Total checkouts Full call number Barcode Date last seen Price effective from Koha item type
        Riverside Riverside General stacks 22/03/2026   615 LOC-RPL-00031 22/03/2026 22/03/2026 Books